000 01068cam a2200361 ib4500
001 496848
003 YEEZEN
005 20260112140123.0
008 250513s2024 ch g b 000 1 chi d
020 _a9789573342076
_q(平裝) :
_cNT$360
040 _aNHU
_bchi
_eCCR
_cNHU
041 1 _achi
_hjpn
042 _anbic
084 _a861.57
090 _a861.57
100 1 _a杉井光
_e
245 1 0 _a世界上最透明的故事 /
_c杉井光著 ; 簡捷譯
246 1 _i封面英文題名:
_aThe clearest story in the word.
250 _a初版
260 _a臺北市 :
_b皇冠文化,
_c2024.10
300 _a235, [2]面 ;
_c21公分
490 1 _a皇冠叢書 ;
_v第5186種
490 1 _a大賞 ;
_v169.
500 _a譯自:世界でいちばん透きとおった物語
504 _a含參考書目
650 7 _2lcstt
_a小說
650 7 _2lcstt
_a日本文學
700 1 _a簡捷
_e
740 0 _a世界でいちばん透きとおった物語
830 0 _a皇冠叢書 ;
_v第5186種
830 0 _a大賞 ;
_v169.
942 _2ccl
_cBOOK
999 _c7685
_d7685